Hide and Seek - Countries #9 - Statistics

General Stats
  • This quiz has been taken 20 times
  • The average score is 12 of 16
Answer Stats
Answer % Correct
Russia
100%
Ukraine
83%
Belarus
78%
Tajikistan
78%
They are former Soviet Socialist Republics.
78%
Estonia
72%
Kazakhstan
72%
Turkmenistan
72%
Uzbekistan
72%
Armenia
67%
Azerbaijan
67%
Georgia
67%
Kyrgyzstan
67%
Latvia
67%
Lithuania
67%
Moldova
61%
No matching quizzes found
Score Distribution
Percent of People with Each Score
Percentile by Number Answered
Your Score History
You have not taken this quiz